00425cam a2200169ua 4500001000500000005001700005008003900022040000900061082001300070100002600083245003900109250000900148260004000157300001600197653002700213653001500240426820260515113817.0111222n ii |||gr||||Z||||||asm cMAIN a891.45131 aBaruah, Atul Chandra,11aUlat-palotcby Atul Chandra Baruah a2nd. aGuwahati:bHiran prabha Baruah,957. a42p:c23cm. aAssamese short stories aUlat-palot